Pays dans "Stewart" sur la carte du monde - Statistiques

Statistiques générales
  • Ce quiz a été pris 266 fois
  • Le résultat moyen est 62 sur 64
Réponses sur la Carte
Les réponses sont colorées sur une échelle allant du rouge au vert en fonction du pourcentage des utilisateurs qui les ont devinées à leur premier essai. Vous pouvez retrouver ces pourcentages ci-dessous.
 
Statistiques - réponses
Pays % Correct
Bolivie
99%
Brésil
99%
Colombie
99%
Maroc
99%
Pérou
99%
Sénégal
99%
Afghanistan
98%
Algérie
98%
Bénin
98%
Chili
98%
Chine
98%
Égypte
98%
Grèce
98%
Italie
98%
Japon
98%
Kazakhstan
98%
Libye
98%
Mali
98%
Malte
98%
Mauritanie
98%
Mongolie
98%
Népal
98%
Russie
98%
Tunisie
98%
Turquie
98%
Venezuela
98%
Arabie Saoudite
97%
Burkina Faso
97%
Équateur
97%
Espagne
97%
Ghana
97%
Guinée
97%
Guyana
97%
Inde
97%
Iran
97%
Israël
97%
Jordanie
97%
Liberia
97%
Niger
97%
Ouzbékistan
97%
Pakistan
97%
Sierra Leone
97%
Soudan
97%
Syrie
97%
Togo
97%
Turkménistan
97%
Bangladesh
96%
Bhoutan
96%
Cap-Vert
96%
Chypre
96%
Côte d'Ivoire
96%
Émirats Arabes Unis
96%
Liban
96%
Qatar
96%
Tadjikistan
96%
Tchad
96%
Irak
95%
Albanie
94%
Kirghizistan
94%
Nigeria
92%
Paraguay
92%
Bahreïn
90%
Koweït
87%
Trinité-et-Tobago
87%
Aucun quiz correspondant
Distribution des résultats
% des personnes avec chaque résultat
Percentile par nombre de réponses
Votre historique - résultats
Vous n’avez pas pris ce quiz